000 00357pab a2200157 454500
008 180718b2005 xxu||||| |||| 00| 0 eng d
100 _aDutta, Subhabrata
245 _aAIDS, human rights and dignity
260 _c2005
300 _ap.26-28.
362 _aApr
650 _aHuman rights
650 _aAIDS
773 _aSocial Welfare
909 _a64666
999 _c64666
_d64666